000 01206namaa2200337 i 4500
003 EG-GICUC
005 20260103115545.0
008 260103s2005 ua |||jr|||| 000 0 ara d
017 _a2005 / 2605
_bدار الكتب والوثائق القومية (مصر)
020 _a9773512142
040 _aEG-GiCUC
_bara
_cEG-GiCUC
_dEG-GiCUC
_erda
043 _af-ua---
082 0 4 _221
_a320.962
_bY29
092 0 4 _221
_a320.962
_bY29
099 _a320.962 Y29
100 1 _aيسين، السيد
_eمؤلف.
245 1 2 _aالإصلاح العربى بين الواقع السلطوى والسراب الديمقراطى /
_cالسيد يسين.
250 _aالطبعة الاولى
264 _aالقاهرة(مصر) :
_bدار ميريت،
_c2005.
300 _a326 صفحة ؛
_c23 سم
336 _2rdacontent
_atext
337 _2rdamedia
_aUnmediated
338 _2rdacarrier
_avolume
490 _aمختارات ميريت
504 _a.
541 _aد. جابر عصفور ؛
_bالقاهرة ؛
_cإهداء ؛
_d2024.
650 1 7 _aاحوال سياسية
_zمصر
_2qrmak
651 1 7 _2qrmak
_aمصر
_xالسياسة والحكومة
905 _aAya
942 _2ddc
_cBK
_e21
_n0
999 _c177316
_d177316